000
00290nam a22001337a 4500
008
170623b xxu||||| |||| 00| 0 eng d
020
_a
9781566430265
041
_a
eng
080
_2
2ND
_a
32
100
_a
21
101
_a
SHP
245
_a
CITIZEN POLITICS
_c
DALTON,R.J
942
_2
udc
_c
BK
999
_c
18884
_d
18884